Cestovní náhrady Úplné znění zákona o cestovních náhradách a souvisejících předpisů s vysvětlivkami

Zákon č. 119/1992 Zb., o cestovných náhradách, v znení zákona č. 44/1994 Zb. (so zapracovanými opatreniami Ministerstva práce a sociálnych vecí). Vysvetlivky k zákonu o cestovných náhradách a súvisiacim právnym predpisom. Opatrenie FMF zo dňa 27.3.1992, ktorým sa stanoví výška stravného pri zahranič...

Ausführliche Beschreibung

Gespeichert in:
Bibliographische Detailangaben
1. Verfasser: Nesnídal, Jiří
Format: Buchkapitel
Sprache:Tschechisch
Schlagworte:
Tags: Tag hinzufügen
Keine Tags, Fügen Sie das erste Tag hinzu!

MARC

LEADER 00000naa a2200000 4500
001 r014556
005 20221213081839.2
041 0 |a cze 
044 |a CZ 
245 1 0 |a Cestovní náhrady  |b Úplné znění zákona o cestovních náhradách a souvisejících předpisů s vysvětlivkami  |c Jiří Nesnídal 
520 |a Zákon č. 119/1992 Zb., o cestovných náhradách, v znení zákona č. 44/1994 Zb. (so zapracovanými opatreniami Ministerstva práce a sociálnych vecí). Vysvetlivky k zákonu o cestovných náhradách a súvisiacim právnym predpisom. Opatrenie FMF zo dňa 27.3.1992, ktorým sa stanoví výška stravného pri zahraničných pracovných cestách (čiastka 36/1992 Zb.), v znení neskorších opatrení. 
610 2 0 |a cesty pracovné 
610 2 0 |a zákony 
610 2 0 |a 1992 
610 2 0 |a 1994 
100 1 |a Nesnídal, Jiří